Every Mac Davis song that hit the Billboard hot 100 - Statistics

General Stats
  • This quiz has been taken 7 times
  • The average score is 5 of 15
Answer Stats
Peak Chart Position Year Song % Correct
1 1972 Baby Don't Get Hooked On Me
100%
92 1971 Beginning To Feel The Pain
50%
76 1976 Forever Lovers
50%
54 1975 (if You Add) All The Love In The World
50%
43 1980 It's Hard To Be Humble
50%
9 1974 Stop And Smell The Roses
50%
51 1980 Texas In My Rear View Mirror
50%
53 1970 Whoever Finds This, I Love You
50%
53 1975 Burnin' Thing
0%
73 1973 Dream Me Home
0%
63 1972 Everybody Loves A Love Song
0%
11 1974 One Hell Of A Woman
0%
15 1975 Rock N' Roll (I Gave You The Best Years Of My Life)
0%
76 1981 Secrets
0%
88 1973 Your Side Of The Bed
0%
No matching quizzes found
Score Distribution
Percent of People with Each Score
Percentile by Number Answered
Your Score History
You have not taken this quiz